书目信息 |
| 题名: |
良好个性培养
|
|
| 作者: | 北京101中学 编 | |
| 分册: | ||
| 出版信息: | 科学普及出版社 1996.09 |
|
| 页数: | 295页 | |
| 开本: | 32开 | |
| 丛书名: | ||
| 单 册: | ||
| 中图分类: | G631 | |
| 科图分类: | ||
| 主题词: | 教育--各级 | |
| 电子资源: | ||
| ISBN: | 7-110-04113-1 | |
| 000 | 00545nam0 2200193 45 | |
| 001 | 0308271046 | |
| 005 | 20030827105642.8 | |
| 010 | @a7-110-04113-1@dRMB15.00 | |
| 100 | @a20030827d1996 km y0chiy0120 ea | |
| 101 | @achi | |
| 105 | @a z 000yy | |
| 200 | 1 | @a良好个性培养@Aliang hao ge xing pei yang@f北京101中学编@Fbei jing 101 zhong xue bian |
| 210 | @c科学普及出版社@d1996.09 | |
| 215 | @a295页@c无图表@d32开 | |
| 606 | 0 | @a教育@x各级 |
| 690 | @aG631@v3 | |
| 701 | 0 | @a北京101中学@4编 |
| 801 | @aCN@b@c20030827 | |
| 905 | @aBZT@dG631@e270 | |
| 良好个性培养/北京101中学编.-科学普及出版社,1996.09 |
| 295页:无图表;32开 |
| ISBN 7-110-04113-1:RMB15.00 |
| ● |
| 相关链接 |
|
|
|
正题名:良好个性培养
索取号:G631/270
 
预约/预借
| 序号 | 登录号 | 条形码 | 馆藏地/架位号 | 状态 | 备注 |
| 1 | 80237 | 200740582 | 中心书库北库/ 北库029架B面3列3层3/ [索取号:G631/270] | 在馆 | |
| 2 | 80238 | 200740635 | 中心书库北库/ 北库029架B面3列3层4/ [索取号:G631/270] | 在馆 | |
| 3 | 80239 | 200740653 | 中心书库北库/ 北库029架B面3列3层6/ [索取号:G631/270] | 在馆 | |
| 4 | 80240 | 200740662 | 中心书库北库/ 北库029架B面3列3层1/ [索取号:G631/270] | 在馆 | |
| 5 | 80241 | 200740573 | 中心书库北库/ 北库029架B面3列3层5/ [索取号:G631/270] | 在馆 |